| 000 | 00940nam a2200289 i 4500 | ||
|---|---|---|---|
| 003 | EG-GICUC | ||
| 005 | 20260311141342.0 | ||
| 008 | 260311s1916 fr ||||fr|||| 000 0 fre d | ||
| 040 |
_aEG-GiCUC _bfre _cEG-GiCUC _dEG-GiCUC _eRda |
||
| 082 | 0 | 4 |
_221 _a341.6 _bPI . G |
| 092 | 0 | 4 | _221 |
| 099 | _aLaw1 11 341.6 PI . G 1916 | ||
| 100 | 1 |
_aPillet, Antoine _eAuteur |
|
| 245 | 1 | 3 |
_aLa Guerre Actuelle Et Le Droit Des Gens / _b _cAntoine Pillet. _n |
| 264 | 1 |
_aParis : _bA. Pedone, Éditeur _c1916. |
|
| 300 |
_a131page : _billustration ; _c 24 cm. |
||
| 336 |
_2rda contenu _a texte |
||
| 337 |
_2rda medias _aOrdinateur |
||
| 338 |
_2 transporteur rda _a Ressource en ligne |
||
| 504 | _aBibliography: pages 200-250. 240-220 | ||
| 546 | _aTexte en français | ||
| 650 | 1 | 4 |
_aDroit international public _2 |
| 651 | 1 | _2 | |
| 856 | 4 | 0 | _uhttps://fll.law.cu.edu.eg/fulltext/bks/B11-08591.pdf |
| 905 | _a50 | ||
| 942 |
_2ddc _cBK _e21 _n0 |
||
| 999 |
_c66066 _d66066 |
||